00207nam a2200073Ia 4500082001800000245005200018100002200070008004100092 a322.4968 WEWR 0aWe write what we like : celebrating Steve Biko  a VAN WYK, Chris 210825s9999 xx 000 0 und d